Disposable bioreactors (Record no. 40326)

MARC details
000 -LEADER
fixed length control field 00610nam a2200169 a 4500
008 - FIXED-LENGTH DATA ELEMENTS--GENERAL INFORMATION
fixed length control field 160614s2009 ||||||||||||||||| || u
020 ## - INTERNATIONAL STANDARD BOOK NUMBER
International Standard Book Number 9783642018718
050 ## - LIBRARY OF CONGRESS CALL NUMBER
Classification number TP 248.25. B55 Dis
100 ## - MAIN ENTRY--PERSONAL NAME
Personal name Eibl, Dieter
245 10 - TITLE STATEMENT
Title Disposable bioreactors
Statement of responsibility, etc. Edited By Regine Eibl [and] Dieter Eibl
260 ## - PUBLICATION, DISTRIBUTION, ETC.
Place of publication, distribution, etc. Berlin
Name of publisher, distributor, etc. Springer
Date of publication, distribution, etc. 2009
300 ## - PHYSICAL DESCRIPTION
Extent xiii, 223p.: ill.
350 ## - PRICE (NR) (BK AM CF MU VM SE) [OBSOLETE]
Price 369.00
650 ## - SUBJECT ADDED ENTRY--TOPICAL TERM
Topical term or geographic name entry element BIOREACTORS
700 ## - ADDED ENTRY--PERSONAL NAME
Personal name Eibl, Regine
995 ## - RECOMMENDATION 995 [LOCAL, UNIMARC FRANCE]
-- CBU-MAIN LIBRARY (Kitwe)
-- 369.00
-- 1
-- AVAILABLE
-- Jun 14, 2016
-- Main Library Open Access Collection
Holdings
Withdrawn status Lost status Source of classification or shelving scheme Damaged status Not for loan Home library Current library Shelving location Date acquired Total Checkouts Full call number Barcode Date last seen Price effective from Koha item type
          CBU-MAIN LIBRARY, KITWE. CBU-MAIN LIBRARY, KITWE.   11/30/2022   TP 248.25. B55 Dis 745929 11/30/2022 11/30/2022 MONOGRAPH